NBA 2023 PPG Leaders - Statistics

General Stats
  • This quiz has been taken 78 times
  • The average score is 43 of 50
Answer Stats
Rank PPG Team Player % Correct
1 33.1 PHI Joel Embiid
100%
17 25.9 LAL Anthony Davis
99%
3 32.2 POR Damian Lillard
99%
11 27.8 PHO Devin Booker
99%
5 31.1 MIL Giannis Antetokounmpo
99%
15 26.2 MEM Ja Morant
99%
13 26.6 BOS Jaylen Brown
99%
6 30.1 BOS Jayson Tatum
99%
29 23.8 LAC Kawhi Leonard
99%
8 29.1 PHO Kevin Durant
99%
12 27.1 DAL Kyrie Irving
99%
9 28.9 LAL LeBron James
99%
2 32.4 DAL Luka Doncic
99%
28 23.8 LAC Paul George
99%
4 31.4 OKC Shai Gilgeous-Alexander
99%
7 29.4 GSW Stephen Curry
99%
14 26.2 ATL Trae Young
99%
16 26.0 NOP Zion Williamson
99%
10 28.3 CLE Donovan Mitchell
97%
27 24.0 NYK Jalen Brunson
97%
30 23.3 CHA LeMelo Ball
97%
25 24.5 DEN Nikola Jokic
97%
21 24.8 CHI Zach LaVine
97%
23 24.6 MIN Anthony Edwards
96%
33 22.9 MIA Jimmy Butler
96%
19 25.1 NYK Julius Randle
96%
24 24.5 CHI DeMar DeRozan
94%
26 24.2 TOR Pascal Siakam
94%
22 24.7 NOP Brandon Ingram
93%
20 25.0 SAC De'Aaron Fox
92%
36 21.9 GSW Klay Thompson
92%
18 25.6 UTH Lauri Markkanen
89%
37 21.6 CLE Darius Garland
86%
31 23.2 BOS Kristaps Porzingis
85%
32 23.2 PHO Bradley Beal
83%
34 22.1 HOU Jalen Green
82%
46 20.8 MIN Karl-Anthony Towns
75%
39 21.5 MEM Desmond Bane
74%
40 21.2 WAS Kyle Kuzma
72%
47 20.7 IND Tyrese Haliburton
72%
43 21.0 PHI James Harden
68%
48 20.5 ATL Dejounte Murray
63%
35 22.0 SAS Keldon Johnson
63%
42 21.1 POR Anfernee Simons
61%
41 21.1 CHA Terry Rozier
60%
44 20.9 NOP CJ McCollum
57%
45 20.8 UTH Jordan Clarkson
51%
50 20.4 WAS Jordan Poole
51%
49 20.5 POR Jerami Grant
50%
38 21.6 DET Bojan Bogdanovic
49%
No matching quizzes found
Score Distribution
Percent of People with Each Score
Percentile by Number Answered
Your Score History
You have not taken this quiz